000 00481nam a2200205Ia 4500
008 210210b1963 xxu||||| |||| 00| 0 eng d
041 _aeng
082 _a385/35
100 _aKING (F W)
245 _aModern english business letters
260 _aLondon
_bLongman Green & Co Ltd.,
_c1963
300 _a311
650 _aModern
650 _aletters
650 _aenglish
650 _abusiness
690 _aCorrespondence
700 _aANN CREE (D)
906 _a005507
999 _c125530
_d125530